Universities as centres of research and knowledge creation : (Record no. 4853)

MARC details
000 -LEADER
fixed length control field 00854nam a22002057a 4500
003 - CONTROL NUMBER IDENTIFIER
control field OSt
005 - DATE AND TIME OF LATEST TRANSACTION
control field 20251013030520.0
008 - FIXED-LENGTH DATA ELEMENTS--GENERAL INFORMATION
fixed length control field 251013b |||||||| |||| 00| 0 eng d
020 ## - INTERNATIONAL STANDARD BOOK NUMBER
International Standard Book Number 978-90-8790-478-4
040 ## - CATALOGING SOURCE
Original cataloging agency DWC-Main Lib.
Transcribing agency OC
100 ## - MAIN ENTRY--PERSONAL NAME
Personal name Vessuri, Hebe
245 ## - TITLE STATEMENT
Title Universities as centres of research and knowledge creation :
Remainder of title an endangered species?/
Statement of responsibility, etc. Vessuri, Hebe
260 ## - PUBLICATION, DISTRIBUTION, ETC.
Place of publication, distribution, etc. Rotterdam, The Netherlands :
Name of publisher, distributor, etc. Sense Publishers,
Date of publication, distribution, etc. c2008.
300 ## - PHYSICAL DESCRIPTION
Extent vii, 269 pages ;
Dimensions 23 cm.
490 ## - SERIES STATEMENT
Series statement (Global perspectives on higher education)
504 ## - BIBLIOGRAPHY, ETC. NOTE
Bibliography, etc. note Includes bibliographical references and index.
650 ## - SUBJECT ADDED ENTRY--TOPICAL TERM
Topical term or geographic name entry element 1. Universities--Asia--Case studies--Congresses. | 2. Education, Higher--Asia--Centers of research. I. Vessuri, Hebe. II. Teichler, Ulrich. III. Title.
700 ## - ADDED ENTRY--PERSONAL NAME
Personal name Teichler, Ulrich
942 ## - ADDED ENTRY ELEMENTS (KOHA)
Source of classification or shelving scheme Dewey Decimal Classification
Koha item type Book Circulation
Classification part Circ.
Suppress in OPAC No
952 ## - LOCATION AND ITEM INFORMATION (KOHA)
--
Holdings
Withdrawn status Lost status Source of classification or shelving scheme Damaged status Not for loan Home library Current library Shelving location Date acquired Total Checkouts Full call number Barcode Date last seen Copy number Price effective from Koha item type Uniform Resource Identifier
    Dewey Decimal Classification     College Library College Library Circulation 10/13/2025   Circ. 378.103 U58 2008 CL50973 10/13/2025 c1 10/13/2025 BK-CIRC